[Event "Lima Surco op 2nd"]
[Site "Lima"]
[Date "2017.07.15"]
[Round "5"]
[White "Guerrero Malpartida, Luis Carlos"]
[Black "Pena Morales, Hugo"]
[Result "0-1"]
[WhiteElo "1821"]
[BlackElo "2237"]
[PlyCount "82"]
[EventDate "2017.07.08"]
[EventType "swiss"]
[EventRounds "9"]
[EventCountry "PER"]
[SourceTitle "EXT 2018"]
[Source "ChessBase"]
[SourceDate "2017.10.13"]
[SourceVersion "1"]
[SourceVersionDate "2017.10.13"]
[SourceQuality "1"]

1. e4 c5 2. Nf3 d6 3. d4 cxd4 4. Nxd4 Nf6 5. Nc3 a6 6. Bg5 e6 7. f4 Be7 8. Qf3 Qc7 9. 0-0-0 Nbd7 10. Bd3 b5 11. Rhe1 Bb7 12. Qg3 0-0-0 13. a3 Kb8 14. Kb1 h6 15. Bh4 Rhg8 16. Qf3 g5 17. fxg5 Ne5 18. Qf1 hxg5 19. Bg3 Nh5 20. Bf2 Nf4 21. Be2 Rh8 22. Bg3 Nxe2 23. Ndxe2 Rhf8 24. Qg1 Rc8 25. Bf2 Nc4 26. Rd3 Ka8 27. Bd4 f5 28. exf5 e5 29. Be3 d5 30. Rxd5 Nxa3+ 31. bxa3 Bxd5 32. Nxd5 Qxc2+ 33. Ka1 Bxa3 34. Bc1 Bc5 35. Ne3 Qa4+ 36. Kb1 Qb3+ 37. Ka1 Bb6 38. g4 Ka7 39. Qg3 Rfd8 40. Nd1 Rxc1+ 41. Nxc1 Bd4+ 0-1

[Event "PER-ch"]
[Site "Lima"]
[Date "2017.03.03"]
[Round "5"]
[White "Guerrero Malpartida, Luis Carlos"]
[Black "Alfaro Mauricio, Johan Kevin"]
[Result "1/2-1/2"]
[WhiteElo "1689"]
[BlackElo "1919"]
[PlyCount "40"]
[EventDate "2017.03.01"]
[EventType "swiss"]
[EventRounds "9"]
[EventCountry "PER"]
[SourceTitle "CBM 177 Extra"]
[Source "ChessBase"]
[SourceDate "2017.04.27"]
[SourceVersion "1"]
[SourceVersionDate "2017.04.27"]
[SourceQuality "1"]

1. e4 c5 2. Nf3 g6 3. d4 cxd4 4. Nxd4 Bg7 5. Nc3 Nc6 6. Be3 Nf6 7. Bc4 0-0 8. Bb3 d6 9. h3 a5 10. 0-0 Nxd4 11. Bxd4 Bd7 12. f4 a4 13. Bc4 b5 14. Nxb5 Nxe4 15. Bxg7 Kxg7 16. Qd4+ Nf6 17. Nc3 Kg8 18. Rae1 Bc6 19. f5 d5 20. Bd3 Qd6 1/2-1/2

[Event "PER-ch"]
[Site "Lima"]
[Date "2017.03.03"]
[Round "6"]
[White "Hasegawa Padillla, Isami Alex"]
[Black "Guerrero Malpartida, Luis Carlos"]
[Result "1-0"]
[WhiteElo "1829"]
[BlackElo "1689"]
[PlyCount "75"]
[EventDate "2017.03.01"]
[EventType "swiss"]
[EventRounds "9"]
[EventCountry "PER"]
[SourceTitle "CBM 177 Extra"]
[Source "ChessBase"]
[SourceDate "2017.04.27"]
[SourceVersion "1"]
[SourceVersionDate "2017.04.27"]
[SourceQuality "1"]

1. d4 Nf6 2. Nf3 g6 3. c4 Bg7 4. Nc3 0-0 5. e3 d6 6. Be2 a5 7. 0-0 Na6 8. b3 Nd7 9. Bb2 e5 10. a3 Rb8 11. Qc2 c6 12. Rfd1 Qe7 13. Rab1 Re8 14. c5 dxc5 15. Bxa6 bxa6 16. d5 Nf8 17. h3 Qb7 18. Ba1 cxd5 19. Nxd5 Be6 20. e4 Nd7 21. Ng5 Bxd5 22. exd5 Qc7 23. Qc4 Qd6 24. Ne4 Qb6 25. Bc3 Rec8 26. a4 h6 27. Qd3 f5 28. Nd2 e4 29. Qc2 Bxc3 30. Qxc3 Qb4 31. Qg3 Nf8 32. Nc4 Rd8 33. Ne5 Rd6 34. Nc6 Rxc6 35. dxc6 Rc8 36. Rd6 Kg7 37. Qe5+ Kg8 38. Rd7 1-0

[Event "PER-ch"]
[Site "Lima"]
[Date "2017.03.01"]
[Round "2"]
[White "Tomey, Hidetoshi"]
[Black "Guerrero Malpartida, Luis Carlos"]
[Result "0-1"]
[WhiteElo "1279"]
[BlackElo "1689"]
[PlyCount "80"]
[EventDate "2017.03.01"]
[EventType "swiss"]
[EventRounds "9"]
[EventCountry "PER"]
[SourceTitle "CBM 177 Extra"]
[Source "ChessBase"]
[SourceDate "2017.04.27"]
[SourceVersion "1"]
[SourceVersionDate "2017.04.27"]
[SourceQuality "1"]

1. e4 c5 2. c4 Nc6 3. Nf3 g6 4. Nc3 Nd4 5. d3 Bg7 6. h4 h5 7. Be3 d6 8. Nd5 Bg4 9. Bxd4 cxd4 10. Qa4+ Bd7 11. Qb4 Bc6 12. Qb3 Nh6 13. g3 0-0 14. Bh3 Qa5+ 15. Nd2 e6 16. Ne7+ Kh7 17. Ke2 Qc7 18. Nxc6 bxc6 19. a3 f5 20. exf5 exf5 21. Nf3 Bf6 22. Kd2 Qa5+ 23. Kc2 Rab8 24. Qa2 d5 25. b4 Qc7 26. Rac1 a5 27. Kd1 axb4 28. cxd5 b3 29. Qb2 c5 30. Kd2 Qd6 31. Rc4 f4 32. Rg1 Qxd5 33. Bg2 fxg3 34. Ng5+ Bxg5+ 35. Ke1 gxf2+ 36. Kf1 fxg1Q+ 37. Kxg1 Be3+ 38. Kh2 Ng4+ 39. Kh3 Rf3+ 40. Bxf3 Qxf3# 0-1